000 00504cam a2200193ua 4500
020 _c70.00
041 _aeng
_h
082 _a519.402362
_bVEN/NU
100 _aVenkataraman, M.K .
245 _aNumerical methods in science and engineering /
_cM.K.Venkataraman.
_hTextual Documents
250 _a3 /
_b.
260 _aMadras :
_bNational publishing co. ,
_c1996.
300 _a462 :
_b506 ; .
365 _a70.00
500 _a*CSS
504 _a
942 _cBK
999 _c10517
_d10517